00895 2200325 4500001002100000005001500021035002000036007000300056008004100059020002200100040002200122082001400144084001600158090002000174090002200194100003300216245006400249250002000313300002500333650001300358700002300371850001200394041000800406504002500414264003400439336002100473337003000494338002300524990002200547INLIS00000000084621720190422091826 a0010-0419001076ta190422 2018 yoi g ind d a978-979-21-5559-4 aYOPDYOGbinderda04223a174.2 a174.2 BER s aDEP 174.2 BER s aCB-D.11 2018-16831 aBertens,d1936-epenulisqK.10aSekitar bioetika /cpenulis, K. Bertens; editor, Widiantoro aCetakan Pertama a154 halaman ;c24 cm 4aBioetika0 aWidiantoroeeditor aYOPDYOG0 aind aTermasuk bibliografi aYogyakarta :bKanisius,c2018 2rdacontentateks 2rdamediaatanpa perantara 2rdacarrieravolume aCB-D.11/2018-1683